00314 a2200097 4500001001000000005001700010008004100027245006300068100002300131773006200154ART_2228220260410161928.0260409a 10aResponsabilidad y reconciliación nacional en Sudáfrica1 aBrankovic, Jasmina0 tDerechos humanosg- Año II, Nº 4 (nov. 2013)wREV22278